[Event "ODJM A 2019"]
[Site "Willingen GER"]
[Date "2019.06.15"]
[Round "9"]
[White "Leser, Stefan"]
[Black "Stemmler, Fabian"]
[Result "1-0"]
[Termination "normal"]
[Board "34"]
[WhiteElo "1779"]
[BlackElo "2002"]
[PlyCount "113"]
[WhiteFideId "12997706"]
[BlackFideId "12964808"]
[EventCountry "GER"]
[EventRounds "9"]
[EventType "swiss"]
[EventDate "2019.06.08"]

1. e4 g6 2. d4 c6 3. Nc3 Bg7 4. Be3 Qb6 5. Qd2 Qxb2 6. Rb1 Qa3 7. Bc4 Qa5 8.
Nge2 d6 9. O-O Nd7 10. f4 Ndf6 11. h3 b5 12. Bd3 a6 13. Qe1 Nd7 14. Bd2 Qd8 15.
f5 e5 16. fxe6 fxe6 17. e5 dxe5 18. Qg3 Bf6 19. Ne4 Qc7 20. Nxf6+ Ngxf6 21.
Bxg6+ Kd8 22. Qh4 Rf8 23. Bxh7 Qd6 24. Ba5+ Ke7 25. dxe5 Qxe5 26. Nf4 Qe3+ 27.
Kh1 Rf7 28. Bg8 Rg7 29. Bd8+ Kf8 30. Bxf6 Nxf6 31. Qxf6+ Kxg8 32. Nh5 Qg5 33.
Qxg7+ Qxg7 34. Nxg7 Kxg7 35. Rbd1 Ra7 36. Rd8 Rc7 37. Rd3 e5 38. Rg3+ Kh7 39.
Rf6 c5 40. Kg1 Bb7 41. Rf5 Kh6 42. Rxe5 c4 43. h4 Rd7 44. Re8 Kh7 45. Rge3 Rd1+
46. Kf2 Bd5 47. h5 Rd2+ 48. Re2 c3 49. Rxd2 cxd2 50. Ke2 Bxg2 51. Kxd2 a5 52.
Re7+ Kh6 53. Ra7 a4 54. Ra5 Bf1 55. Kc3 Bc4 56. a3 Kxh5 57. Kb4 1-0

[Event "ODJM A 2019"]
[Site "Willingen GER"]
[Date "2019.06.15"]
[Round "9"]
[White "Zha, Kevin"]
[Black "Nasoyan, Maksim"]
[Result "1/2-1/2"]
[Termination "normal"]
[Board "35"]
[WhiteElo "1764"]
[BlackElo "1878"]
[PlyCount "117"]
[WhiteFideId "16208951"]
[BlackFideId "16220331"]
[EventCountry "GER"]
[EventRounds "9"]
[EventType "swiss"]
[EventDate "2019.06.08"]

1. e4 c5 2. Nf3 a6 3. d4 cxd4 4. Nxd4 Nf6 5. Nc3 e5 6. Nb3 Bb4 7. Bd3 h6 8. O-O
d6 9. h3 Bxc3 10. bxc3 O-O 11. f4 Qc7 12. Qf3 Nbd7 13. Qg3 Nh5 14. Qh4 Nxf4 15.
Bxf4 exf4 16. Qxf4 Ne5 17. Qd2 b6 18. Nd4 Be6 19. Rf2 Rfc8 20. Ne2 Qc5 21. Qf4
Ra7 22. Kh2 Ng6 23. Qf3 Nh4 24. Qg3 Qe5 25. a4 Ng6 26. Rff1 Bc4 27. Rfb1 Rb7
28. Rb4 b5 29. axb5 axb5 30. Rab1 Ra7 31. Bxc4 bxc4 32. Rb8 Rxb8 33. Rxb8+ Kh7
34. Qxe5 dxe5 35. Rb2 Rd7 36. Kg3 Rd2 37. Kf3 Nf4 38. Nxf4 exf4 39. Rb4 Rxc2
40. Rxc4 g5 41. Rc6 Kg7 42. g3 Rh2 43. gxf4 Rxh3+ 44. Kg2 g4 45. c4 Rc3 46. e5
h5 47. Rf6 h4 48. Rf5 Rc2+ 49. Kg1 Kh6 50. Rf6+ Kg7 51. Rf5 g3 52. Rh5 Kg6 53.
Rg5+ Kh6 54. Rg4 Rxc4 55. Rxh4+ Kg6 56. Kg2 Kf5 57. Kxg3 Rc3+ 58. Kg2 Ke4 59.
Rh7 1/2-1/2

[Event "ODJM A 2019"]
[Site "Willingen GER"]
[Date "2019.06.15"]
[Round "9"]
[White "Noever, Niklas"]
[Black "Kesselmeier, Kevin"]
[Result "1/2-1/2"]
[Termination "normal"]
[Board "36"]
[WhiteElo "1762"]
[BlackElo "1937"]
[PlyCount "90"]
[WhiteFideId "12988642"]
[BlackFideId "16217551"]
[EventCountry "GER"]
[EventRounds "9"]
[EventType "swiss"]
[EventDate "2019.06.08"]

1. d4 d5 2. Nf3 Nf6 3. Bf4 c5 4. e3 Nc6 5. c3 Qb6 6. Qb3 c4 7. Qxb6 axb6 8. Na3
Nh5 9. Bc7 Ra6 10. Be2 Kd7 11. Nb5 h6 12. Ne5+ Nxe5 13. dxe5 g6 14. Bg4+ e6 15.
Bxh5 gxh5 16. Bd6 Bxd6 17. Nxd6 f6 18. f4 Rg8 19. O-O Ke7 20. Rf3 Bd7 21. Rh3
fxe5 22. fxe5 Rg5 23. Rf3 Rxe5 24. Nf7 Rf5 25. Rxf5 exf5 26. Ne5 Ba4 27. Re1
Kf6 28. Nf3 Bd7 29. a3 Ra8 30. Rd1 Bc6 31. h4 Re8 32. Kf2 Re4 33. g3 Ke6 34.
Nd4+ Ke5 35. Nf3+ Ke6 36. Nd4+ Ke5 37. Nf3+ Kd6 38. Nd4 Bd7 39. Ne2 Be6 40. Nd4
Bd7 41. Rf1 Kc5 42. Ke2 Re5 43. Rf4 b5 44. Rf1 Kb6 45. Rf4 Kc5 1/2-1/2

[Event "ODJM A 2019"]
[Site "Willingen GER"]
[Date "2019.06.15"]
[Round "9"]
[White "Hagenbeck-Hübert, Lara"]
[Black "Gluma, Christian"]
[Result "0-1"]
[Termination "normal"]
[Board "38"]
[WhiteElo "1861"]
[BlackElo "1741"]
[PlyCount "62"]
[WhiteFideId "12964484"]
[BlackFideId "16223209"]
[EventCountry "GER"]
[EventRounds "9"]
[EventType "swiss"]
[EventDate "2019.06.08"]

1. d4 d5 2. f4 Nf6 3. e3 c5 4. c3 Bg4 5. Be2 Bxe2 6. Qxe2 e6 7. Nf3 Nc6 8. Nbd2
Bd6 9. Ne5 Qc7 10. Ndf3 Ne4 11. Bd2 Qb6 12. b3 Rc8 13. O-O Ne7 14. Ng5 Bxe5 15.
Nxe4 Bxd4 16. exd4 dxe4 17. Qxe4 cxd4 18. cxd4 Nf5 19. Kh1 Rd8 20. Bc3 O-O 21.
Rfd1 Rd5 22. Rd3 Rfd8 23. Rad1 Nd6 24. Qe1 Qc7 25. a4 Nf5 26. Qe4 Qd7 27. Bb2
Rc8 28. g4 Ne7 29. Rh3 g6 30. Qe3 Qc6 31. Rc1 Rc5+ 0-1

[Event "ODJM A 2019"]
[Site "Willingen GER"]
[Date "2019.06.15"]
[Round "9"]
[White "Klugstedt, Vincent C."]
[Black "Fröhlich, Franziska"]
[Result "1/2-1/2"]
[Termination "normal"]
[Board "39"]
[WhiteElo "1827"]
[BlackElo "1820"]
[PlyCount "129"]
[WhiteFideId "16216393"]
[BlackFideId "12988596"]
[EventCountry "GER"]
[EventRounds "9"]
[EventType "swiss"]
[EventDate "2019.06.08"]

1. d4 d5 2. c4 e6 3. Nc3 c6 4. cxd5 exd5 5. Qc2 g6 6. e3 Bf5 7. Bd3 Bxd3 8.
Qxd3 Nf6 9. Nge2 Bg7 10. O-O O-O 11. b4 a6 12. Bd2 Qd6 13. Na4 Ne4 14. Nc5 Qe7
15. f3 Nxd2 16. Qxd2 Re8 17. Kf2 Bh6 18. f4 Nd7 19. Nxd7 Qxd7 20. Ng3 a5 21. a3
Bf8 22. bxa5 Ra6 23. Rfb1 Rea8 24. Rb3 Rxa5 25. Qb2 R8a7 26. Ne2 b5 27. Nc1 Qe7
28. Nd3 Rxa3 29. Rbxa3 Rxa3 30. Rxa3 Qxa3 31. Qxa3 Bxa3 32. Ne5 b4 33. Ke2 b3
34. Kd2 c5 35. dxc5 Bxc5 36. Nd3 Bb6 37. Kc3 Bxe3 38. Kxb3 Kg7 39. Nb4 d4 40.
g3 Bg1 41. h3 Bh2 42. Nd3 Bxg3 43. Kc4 Kf6 44. Kxd4 Kf5 45. Ke3 h5 46. Kf3 h4
47. Ke3 f6 48. Kf3 Bh2 49. Ke3 Bg1+ 50. Kf3 Bb6 51. Nb4 Ba7 52. Nd3 Bb8 53. Ke3
Bc7 54. Kf3 Ba5 55. Ke3 Bc3 56. Nc1 Bb4 57. Ne2 Bc5+ 58. Kf3 Bb6 59. Nc1 Bd4
60. Ne2 Bb2 61. Ng1 Ke6 62. Kg4 Bc1 63. Ne2 Be3 64. Kxh4 g5+ 65. fxg5 1/2-1/2

[Event "ODJM A 2019"]
[Site "Willingen GER"]
[Date "2019.06.15"]
[Round "9"]
[White "Dornieden, Jonas"]
[Black "Kratz, Alexander"]
[Result "0-1"]
[Termination "normal"]
[Board "40"]
[WhiteElo "1864"]
[BlackElo "1741"]
[PlyCount "48"]
[WhiteFideId "1336460"]
[BlackFideId "16228529"]
[EventCountry "GER"]
[EventRounds "9"]
[EventType "swiss"]
[EventDate "2019.06.08"]

1. d4 g6 2. e4 Bg7 3. Nc3 d6 4. f4 c5 5. dxc5 Bxc3+ 6. bxc3 Qa5 7. Qd4 Nf6 8.
cxd6 Nc6 9. Qd3 Nxe4 10. dxe7 Bf5 11. Qe3 Nxe7 12. Qd4 O-O 13. Qb4 Qc7 14. c4
Nc6 15. Qa3 Nd4 16. Bd3 Rfe8 17. Be3 Nc5 18. Bxf5 Nxf5 19. O-O-O Nxe3 20. Re1
Nxc4 21. Rxe8+ Rxe8 22. Qc3 Qxf4+ 23. Kd1 Qf1+ 24. Qe1 Qxe1# 0-1

[Event "ODJM A 2019"]
[Site "Willingen GER"]
[Date "2019.06.15"]
[Round "9"]
[White "Struck, Lasse"]
[Black "Weimert, Miriam"]
[Result "0-1"]
[Termination "normal"]
[Board "41"]
[WhiteElo "1770"]
[BlackElo "1903"]
[PlyCount "104"]
[WhiteFideId "16255623"]
[BlackFideId "12966703"]
[EventCountry "GER"]
[EventRounds "9"]
[EventType "swiss"]
[EventDate "2019.06.08"]

1. c4 e5 2. g3 Nf6 3. Bg2 d5 4. cxd5 Nxd5 5. Nc3 Nb6 6. Nf3 Nc6 7. O-O Be7 8.
Rb1 O-O 9. b4 a6 10. a3 f6 11. Ne1 Kh8 12. Nd3 Bf5 13. Ne4 Ra7 14. Ndc5 Bxc5
15. bxc5 Nd7 16. d3 Qe7 17. Be3 Nd4 18. Bxd4 exd4 19. Qa4 Bxe4 20. Bxe4 Nxc5
21. Qxd4 Rd8 22. Qe3 b6 23. Rfd1 Nxe4 24. dxe4 Raa8 25. Rd3 Rxd3 26. Qxd3 b5
27. Rd1 h6 28. e3 c5 29. Qd5 Rc8 30. a4 b4 31. Qc4 Qb7 32. Qe6 Qc6 33. Rd8+
Rxd8 34. Qxc6 b3 35. Qb6 Rd1+ 36. Kg2 c4 37. Kf3 Rb1 38. Qb4 Rc1 39. Ke2 Rc2+
40. Kd1 Rxf2 41. Kc1 Rxh2 42. Qa5 c3 43. Qxc3 Rc2+ 44. Qxc2 bxc2 45. Kxc2 Kg8
46. Kc3 Kf7 47. Kc4 Ke6 48. Kc5 h5 49. Kb6 Kd6 50. Kxa6 Kc6 51. Ka5 g5 52. Kb4
h4 0-1

[Event "ODJM A 2019"]
[Site "Willingen GER"]
[Date "2019.06.15"]
[Round "9"]
[White "Weigand, Anton"]
[Black "Recktenwald, Cedric"]
[Result "1-0"]
[Termination "normal"]
[Board "42"]
[WhiteElo "1889"]
[BlackElo "1839"]
[PlyCount "79"]
[WhiteFideId "16221915"]
[BlackFideId "12971928"]
[EventCountry "GER"]
[EventRounds "9"]
[EventType "swiss"]
[EventDate "2019.06.08"]

1. e4 e6 2. d4 d5 3. exd5 exd5 4. Nf3 Bd6 5. Bd3 Ne7 6. c4 c6 7. Nc3 Nd7 8.
cxd5 Nxd5 9. Nxd5 cxd5 10. O-O O-O 11. Qb3 Nf6 12. Re1 h6 13. h3 Rb8 14. Bd2
Be6 15. Bb4 Ne4 16. Bxd6 Nxd6 17. Rac1 Nc4 18. Ne5 Nxe5 19. Rxe5 Qh4 20. Qb4
Rfc8 21. Ree1 Rxc1 22. Rxc1 Bxh3 23. Qd6 Rd8 24. Qh2 Qg5 25. f4 Qf6 26. Qxh3
Qxd4+ 27. Kh1 Qxb2 28. Rc8 Qa1+ 29. Kh2 Qf6 30. Qd7 Qh4+ 31. Kg1 Qe1+ 32. Bf1
Rxc8 33. Qxc8+ Kh7 34. Qf5+ Kg8 35. Qe5 Qd2 36. Qe8+ Kh7 37. Qxf7 d4 38. Kh2 a6
39. Qf5+ Kh8 40. Bd3 1-0

[Event "ODJM A 2019"]
[Site "Willingen GER"]
[Date "2019.06.15"]
[Round "9"]
[White "Baumann, Marcel"]
[Black "Isler, Benjamin"]
[Result "1-0"]
[Termination "normal"]
[Board "43"]
[WhiteElo "1866"]
[BlackElo "1946"]
[PlyCount "61"]
[WhiteFideId "12974668"]
[BlackFideId "12975478"]
[EventCountry "GER"]
[EventRounds "9"]
[EventType "swiss"]
[EventDate "2019.06.08"]

1. d4 Nf6 2. c4 e6 3. Nf3 c5 4. d5 b5 5. dxe6 fxe6 6. cxb5 d5 7. g3 Bd6 8. Bg2
Bb7 9. O-O Nbd7 10. e3 O-O 11. Nc3 Qc7 12. b3 e5 13. Ng5 e4 14. Ne6 Qa5 15. Bd2
Rfe8 16. Nxd5 Qxb5 17. Ndc7 Qc6 18. Nxe8 Rxe8 19. Nf4 Be5 20. Rc1 g5 21. Ne2
Ng4 22. Nd4 Bxd4 23. Qxg4 Bf6 24. Bc3 Ne5 25. Bxe5 Rxe5 26. Rfd1 Bc8 27. Qe2 g4
28. b4 Be7 29. bxc5 h5 30. Qb2 Rf5 31. Qd4 1-0

[Event "ODJM A 2019"]
[Site "Willingen GER"]
[Date "2019.06.15"]
[Round "9"]
[White "Uhlendorff, Luca"]
[Black "Yaroshenko, Yaroslav"]
[Result "1-0"]
[Termination "normal"]
[Board "44"]
[WhiteElo "1735"]
[BlackElo "1761"]
[PlyCount "55"]
[WhiteFideId "16221923"]
[BlackFideId "16204905"]
[EventCountry "GER"]
[EventRounds "9"]
[EventType "swiss"]
[EventDate "2019.06.08"]

1. d4 g6 2. Nc3 Bg7 3. Bf4 d6 4. e4 Nd7 5. Nf3 c5 6. dxc5 Nxc5 7. e5 Ne6 8. Bg3
Qc7 9. Bb5+ Kf8 10. O-O dxe5 11. Re1 f6 12. Nd5 Qc5 13. c4 a6 14. b4 Qa7 15.
Ba4 b6 16. Qe2 Nh6 17. Rad1 Nf5 18. Bc6 Rb8 19. Rd3 Nd6 20. Nd2 Bb7 21. Bxb7
Rxb7 22. f4 Nd4 23. Qf2 exf4 24. Bxf4 Nc6 25. Bxd6 exd6 26. Nxf6 Ne5 27. Rxd6
Rf7 28. Rxe5 1-0

[Event "ODJM A 2019"]
[Site "Willingen GER"]
[Date "2019.06.15"]
[Round "9"]
[White "Kemper, Yannick"]
[Black "Flach, Helene"]
[Result "1/2-1/2"]
[Termination "normal"]
[Board "45"]
[WhiteElo "1856"]
[BlackElo "1829"]
[PlyCount "57"]
[WhiteFideId "12977470"]
[BlackFideId "12929735"]
[EventCountry "GER"]
[EventRounds "9"]
[EventType "swiss"]
[EventDate "2019.06.08"]

1. Nf3 d5 2. c4 e6 3. b3 c5 4. e3 Nc6 5. Bb2 Nf6 6. Be2 Be7 7. O-O O-O 8. cxd5
Nxd5 9. Nc3 Bf6 10. Rc1 Ndb4 11. Na4 Bxb2 12. Nxb2 Qe7 13. a3 Nd5 14. Qc2 Na5
15. Qxc5 Nxb3 16. Qxe7 Nxe7 17. Rc3 Na5 18. Nc4 Nxc4 19. Bxc4 Nc6 20. d4 Bd7
21. Rb1 Na5 22. Ne5 Rfd8 23. Nxd7 Nxc4 24. Nf6+ gxf6 25. Rxc4 Rac8 26. Rbc1
Rxc4 27. Rxc4 Rd5 28. Kf1 Rb5 29. Rc7 1/2-1/2